00565nam a2200193 a 4500001001300000003000900013005001700022008004100039020002200080082002000102100002600122245007700148260002500225300000900250500003500259505002900294650002200323700002600345nice12345678IN_TiNIC20260116012311.0050524s1993 dela grp 000 0 eng  a8172148 c3000a291.178321bPRE aPresler, Henry Hughes aSearch for Credible Religious Healing Among Muslims, Hindus, Christians. aDelhi bISPCK c1993 a156p aincludes index and biblioraphy2 aAppendices, Bibliography aHealing-Religious1 aPresler, Henry Hughes